000 00563nam a22001697a 4500
003 CEME
005 20210628205557.0
008 210308b xxu||||| |||| 00| 0 eng d
020 _a0-412-78790-3
040 _c.
082 _a621.382 TES'B
100 _aGiessler, Alfred Baumgarten, Bernd Burkhardt, Heinz-Jurgen
_976097
245 _aTesting communicating systems ifip tc6 9th international workshop on testing of communicating systems, darmstadt germany 9-11 september 1996
260 _aLONDON
_bCHAPMAN & HALL
_c1996
300 _a361P
942 _cBK
_2ddc
999 _c581522
_d581522